| 000 | 01103nam a2200265 a 4500 | ||
|---|---|---|---|
| 001 | 1446 | ||
| 003 | CDMR | ||
| 005 | 20151022113602.0 | ||
| 008 | 130130s1993||||||||||||||||||||||||||||d | ||
| 020 | _a8431312351 | ||
| 040 |
_aCDMR _bcat _cCDMR |
||
| 245 | 0 | 0 |
_aHistoria de la ACN de P _cJosé Manuel Ordovás, Mercedes Montero |
| 246 | 4 | _aHistoria de la Asociación Católica Nacional de Propagandistas | |
| 260 |
_aPamplona _c1993 _bEUNSA |
||
| 300 |
_a2 v. _c22 cm |
||
| 490 | 0 |
_aCiencias de la Información _v62 _v63 |
|
| 500 | _aTítol a la coberta: Historia de la Asociación Católica Nacional de Propagandistas | ||
| 505 | _aConté: Tomo I -- de la Dictadura a la Segunda República (1923-1936) / José Manuel Ordovas ; Tomo II -- La construción del Estado confesional (1936-1945) / Mercedes Montero | ||
| 650 | 0 | 4 |
_93100 _aPremsa catòlica _zEspanya _y1923-1945 |
| 650 | 0 | 4 |
_94090 _aPremsa i política _zEspanya |
| 610 | 2 |
_94078 _aAsociación Católica Nacional de Propagandistas (Espanya) |
|
| 700 | 1 |
_91099 _aOrdovas, José Manuel |
|
| 700 | 1 |
_91100 _aMontero, Mercedes |
|
| 942 |
_cMON _2udc |
||
| 999 |
_c1446 _d1446 |
||